000 00884cam a2200217 4500
001 WB3725-07
008 000000n2001 000 0 eng u
035 _a(Sirsi) u113280
245 _aIrish construction boom slows
260 _c2001
490 _aBuilding
_v266(8190) 22 June 2001, 21(1)
520 _aThe US slowdown and the foot-and-mouth crisis are likely to impact on the Republic of Ireland's construction boom, with the Irish Construction Industry Federation (CIF) reducing growth targets from 7% to 2%. The CIF president indicated that the public sector would be the main growth area for 2001.
590 _aWB
650 _aCONSTRUCTION OUTPUT
650 _aCONSTRUCTION INDUSTRY
650 _aUS ECONOMY
650 _aREPUBLIC OF IRELAND
650 _aIRISH CONSTRUCTION INDUSTRY FEDERATION
690 _aBUILT ENVIRONMENT-CONSTRUCTION MARKET
942 _n0
999 _c67481
_d67481